Merged Company Logos #5 - Statistics

General Stats
  • This quiz has been taken 12,744 times
  • The average score is 22 of 32
Answer Stats
Hint Sector Answer % Correct
Web Browser ๐Ÿ‡บ๐Ÿ‡ธ Mozilla Firefox
98%
Social Media ๐Ÿ‡บ๐Ÿ‡ธ Snapchat
96%
Social Media ๐Ÿ‡จ๐Ÿ‡ณ TikTok
94%
Encyclopedia ๐Ÿ‡บ๐Ÿ‡ธ Wikipedia
92%
Toothpaste ๐Ÿ‡บ๐Ÿ‡ธ Colgate
91%
Shipping ๐Ÿ‡บ๐Ÿ‡ธ FedEx
91%
Telecommunications ๐Ÿ‡ซ๐Ÿ‡ฎ Nokia
88%
Magazine ๐Ÿ‡บ๐Ÿ‡ธ National Geographic
87%
Soft Drink ๐Ÿ‡บ๐Ÿ‡ธ Sprite
87%
Retail ๐Ÿ‡บ๐Ÿ‡ธ Walmart
86%
Sport ๐Ÿ‡บ๐Ÿ‡ธ NBA
83%
Automotive ๐Ÿ‡ฌ๐Ÿ‡ง Rolls Royce
78%
Sports Media ๐Ÿ‡บ๐Ÿ‡ธ ESPN
76%
Telecommunications ๐Ÿ‡บ๐Ÿ‡ธ Skype
76%
Food & Drink ๐Ÿ‡จ๐Ÿ‡ญ Nespresso
75%
Baby products ๐Ÿ‡บ๐Ÿ‡ธ Pampers
73%
Food ๐Ÿ‡บ๐Ÿ‡ธ Reese's
72%
Consumer electronics ๐Ÿ‡บ๐Ÿ‡ธ Beats
71%
Technology ๐Ÿ‡บ๐Ÿ‡ธ Hewlett-Packard
71%
Tobacco ๐Ÿ‡บ๐Ÿ‡ธ Marlboro
66%
Finance ๐Ÿ‡บ๐Ÿ‡ธ American Express
65%
Sport ๐Ÿ‡บ๐Ÿ‡ธ MLB
64%
Automotive ๐Ÿ‡ฌ๐Ÿ‡ง Bentley
63%
Healthcare ๐Ÿ‡บ๐Ÿ‡ธ Johnson & Johnson
58%
Technology ๐Ÿ‡ฏ๐Ÿ‡ต Canon
55%
Sportswear ๐Ÿ‡ฌ๐Ÿ‡ง Umbro
54%
Computer Technology ๐Ÿ‡บ๐Ÿ‡ธ Dell
52%
Sportswear ๐Ÿ‡ฎ๐Ÿ‡น Kappa
44%
Car Rental ๐Ÿ‡บ๐Ÿ‡ธ Enterprise
32%
Technology ๐Ÿ‡บ๐Ÿ‡ธ Texas Instruments
27%
Retail & Technology ๐Ÿ‡จ๐Ÿ‡ณ Alibaba
15%
Clothing (headwear) ๐Ÿ‡ฌ๐Ÿ‡ง Kangol
12%
No matching quizzes found
Score Distribution
Percent of People with Each Score
Percentile by Number Answered
Your Score History
You have not taken this quiz